000 01417nam a2200253Ia 4500
003 OSt
005 20210105094312.0
008 191128t2009 ck grl 000 0 spa d
020 _a9789588585055
040 _aCO-JMCR
_cCO-JMCR
041 0 _aspa
082 0 4 _a658.568 /
_bI597g
_223
110 2 _aInstituto Colombiano de Normas Técnicas y Certificación
_92169
245 1 0 _aGestión de la calidad en el sector público /
_cIcontec
260 _a[Bogotá] :
_bIcontec,
_c©2009
300 _a132 páginas ;
_c23 cm.
500 _aNorma técnica de calidad en la gestión pública (NTCGP 1000 : 2009)
504 _aBibliografía: página 132
505 0 _aPrincipios de gestión de la calidad para la rama ejecutiva del poder público y otras entidades prestadoras de servicios -- Compatibilidad con otros sistemas de gestión, de control, normas y políticas -- Aclaraciones relativas a la primera actualización de la norma técnica de calidad en la gestión pública -- Objeto y campo de aplicación -- Términos y definiciones -- Sistema de gestión de calidad -- Responsabilidad de la dirección -- Gestión de los recursos -- Realización del producto o prestación del servicio -- Medición, análisis y mejora
650 1 4 _aSector público
_912652
650 2 4 _aGestión pública
_xcontrol de calidad
_912653
651 4 _aColombia
_vnormas técnicas
_xadministración pública
_912654
942 _2ddc
_cBK
999 _c3442
_d3442